[Event "Czech Chess Christmas 2011"]
[Site "Litomysl"]
[Date "2012.01.01"]
[Round "9.11"]
[White "Balacek, Tadeas"]
[Black "Halamus, Agata"]
[Result "1-0"]
[WhiteElo "2235"]
[BlackElo "2060"]
[PlyCount "83"]
[EventDate "2011.12.26"]

1. d4 Nf6 2. c4 g6 3. Nc3 d5 4. Nf3 Bg7 5. e3 O-O 6. cxd5 Nxd5 7. Bc4 Nxc3 8.
bxc3 c5 9. O-O Nc6 10. Ba3 Na5 11. Be2 b6 12. dxc5 Qc7 13. cxb6 axb6 14. Bb4
Rd8 15. Nd4 Ba6 16. Bxa6 Rxa6 17. Nb5 Qc8 18. Qe2 Nc4 19. Rfd1 Re8 20. a4 Ra8
21. Na3 Ne5 22. Qb5 Qe6 23. Nc2 Rec8 24. Nd4 Qf6 25. a5 bxa5 26. Rxa5 Rxa5 27.
Qxa5 Ng4 28. Qa2 e5 29. Qe2 h5 30. Nb5 e4 31. h3 Ne5 32. Nd6 Ra8 33. Nxe4 Qc6
34. Nc5 Bf8 35. Nd3 Bxb4 36. Nxb4 Qxc3 37. Nd5 Qc4 38. Qb2 Nd3 39. Nf6+ Kf8 40.
Nd7+ Kg8 41. Qf6 Re8 42. Qd6 1-0

[Event "Czech Chess Christmas 2011"]
[Site "Litomysl"]
[Date "2012.01.01"]
[Round "9.12"]
[White "Pulpan, Jakub"]
[Black "Kastner, Oldrich"]
[Result "1/2-1/2"]
[WhiteElo "1988"]
[BlackElo "2137"]
[PlyCount "181"]
[EventDate "2011.12.26"]

1. e4 Nf6 2. e5 Nd5 3. d4 d6 4. Nf3 Bg4 5. Be2 e6 6. O-O Be7 7. c4 Nb6 8. Be3
O-O 9. Nc3 N8d7 10. exd6 cxd6 11. b3 Nf6 12. h3 Bh5 13. a4 Nbd7 14. Re1 Qa5 15.
Bd2 Qb6 16. Be3 Qc7 17. Rc1 Rfc8 18. Ng5 Bxe2 19. Qxe2 h6 20. Nge4 Qa5 21. Qf3
d5 22. cxd5 Nxd5 23. Nb5 N7f6 24. Ned6 Bxd6 25. Nxd6 Rc7 26. Qg3 Kf8 27. Nb5
Rd7 28. Red1 a6 29. Nd6 Qb6 30. Nc4 Qxb3 31. Ne5 Re7 32. Rd3 Qxa4 33. Qh4 Nxe3
34. fxe3 Nd7 35. Rc7 Rae8 36. Nxd7+ Rxd7 37. Rdc3 Rxc7 38. Rxc7 Qb4 39. Qe4 Kg8
40. Rxb7 Qd6 41. Qf3 f5 42. Qh5 Re7 43. Rb1 Qg3 44. Qe2 Rc7 45. Qxa6 Qxe3+ 46.
Kh1 Kh7 47. Qd6 Rc2 48. d5 Qd2 49. Qg3 Qxd5 50. Ra1 Qd4 51. Re1 Qd5 52. Ra1 Qc5
53. Qe1 Qc3 54. Qf1 h5 55. Re1 Qd2 56. Ra1 Qc3 57. Qf4 Re2 58. Qh4 Kg6 59. Rf1
Qe3 60. Qe7 Qg5 61. Qe8+ Kh7 62. Rg1 h4 63. Qf7 e5 64. Qc4 Rd2 65. Qe6 e4 66.
Qe5 e3 67. Kh2 Rf2 68. Kh1 Qg3 69. Qe8 Qg5 70. Kh2 e2 71. Kh1 f4 72. Qe4+ Qg6
73. Qe7 Qf6 74. Qc5 Rf1 75. Qh5+ Qh6 76. Qxe2 Rxg1+ 77. Kxg1 Qb6+ 78. Kh1 Kh6
79. Qg4 Qf6 80. Qf3 g6 81. Qa8 Qe5 82. Qf8+ Kg5 83. Qd8+ Qf6 84. Qd5+ Kh6 85.
Qf3 g5 86. Qa8 Kg6 87. Qg8+ Kf5 88. Qc8+ Qe6 89. Qc2+ Kf6 90. Qc3+ Kg6 91. Qd3+
1/2-1/2

[Event "Czech Chess Christmas 2011"]
[Site "Litomysl"]
[Date "2012.01.01"]
[Round "9.13"]
[White "Liuba, Volodymyr"]
[Black "Niemers, Johannes"]
[Result "1/2-1/2"]
[WhiteElo "2108"]
[BlackElo "2011"]
[PlyCount "46"]
[EventDate "2011.12.26"]

1. e4 e5 2. Nf3 Nc6 3. d4 exd4 4. Nxd4 Bc5 5. Be3 Bxd4 6. Bxd4 Nxd4 7. Qxd4 Qf6
8. e5 Qb6 9. Qxb6 axb6 10. Nc3 Ne7 11. Nb5 Kd8 12. f4 g5 13. g3 gxf4 14. gxf4
Ra4 15. c4 Ng6 16. Nc3 Ra8 17. Nd5 c6 18. Nxb6 Ra5 19. b4 Ra3 20. O-O-O Nxf4
21. Kb2 Re3 22. Rd2 Rxe5 23. c5 Re1 1/2-1/2

[Event "Czech Chess Christmas 2011"]
[Site "Litomysl"]
[Date "2012.01.01"]
[Round "9.15"]
[White "Kowalczyk, Mariusz"]
[Black "Sabuk, Piotr"]
[Result "1/2-1/2"]
[WhiteElo "1829"]
[BlackElo "2176"]
[PlyCount "65"]
[EventDate "2011.12.26"]

1. Nf3 d5 2. d4 Nf6 3. c4 e6 4. Nc3 Be7 5. e3 O-O 6. Bd3 b6 7. cxd5 exd5 8. Ne5
Bb7 9. Qc2 c5 10. O-O Nc6 11. Nxc6 Bxc6 12. Bd2 c4 13. Be2 b5 14. Bf3 Re8 15.
Qf5 b4 16. Ne2 a5 17. Rac1 g6 18. Qb1 Bd7 19. Ng3 Be6 20. e4 dxe4 21. Nxe4 Qxd4
22. Rcd1 Qd3 23. Nxf6+ Bxf6 24. Qc1 Qd4 25. Bc3 Qh4 26. Bxf6 Qxf6 27. Bxa8 Rxa8
28. Rfe1 Rc8 29. Re2 Kg7 30. Rc2 Bf5 31. Rxc4 Rxc4 32. Qxc4 Qxb2 33. Qd4+
1/2-1/2